000 01008cab a2200265 4500
001 ABS50933
008 090401t1994 xxu||||| |||| 00| 0 eng d
035 _a(Sirsi) u2226
041 _aeng
100 _aMartin, J.
245 _aPractical advantages of outline planning permission
260 _c1994
350 _a0
490 _aEstates Gazette
_v(9424) 18 June 1994, 142-144(3)
520 _aConsiders the provisions governing applications for outline planning permission and asks whether the benefits of this procedure outweigh the time and cost often involved. Looks at other issues such as approval of reserved matters and renewal.
650 _aDOE CIRCULAR 01/1985
650 _aOUTLINE PLANNING PERMISSION
650 _aR V SOS ENVIRONMENT EX P CORBY BC
650 _aTOWN AND COUNTRY PLANNING (APPLICATIONS) REGULATIONS 1988
650 _aTOWN AND COUNTRY PLANNING GDO 1988
690 _aPLANNING LAW AND PRACTICE
700 _aCastorina, G.
942 _n0
948 _c04/03/1997
999 _c1347
_d1347